00933nam a22002657a 45000010005000000030006000050050017000110080041000280200018000690400029000870500015001160820011001311000016001422450052001582600038002103000043002484900043002915050008003345200192003425210029005345210020005636500033005836500023006167000028006395309FISKH20241125152834.0241125b cb ||||| |||| 00| 0 eng d a9781849920438 aFISKHbengcFISKHdFISKH aPZ7.B69677 a823.92 aBoyne, John aThe Boy in the Striped Pajamas /cby John Boyne aLondon : bRandom House ;c2006 . a215 pages : billustrations ;c21 cm . aThe Boy in the Striped PajamasvBook 1 aS  ared and lonely after his family moves from Berlin to a place called "Out-With" in 1942, Bruno, the son of a Nazi officer, befriends a boy in striped pajamas who lives behind a wire fence.8 a790 bLexile estimate 8 aS bRaz-Plus  aconcentration campsvFiction aHolocaustvFiction aBeck, Lauraetranslator